书目信息 |
| 题名: |
教学模式
|
|
| 作者: | BRUCE JOYCE ;荆建华宋富钢花清亮 | |
| 分册: | ||
| 出版信息: | 北京 中国轻工业出版社 2002 |
|
| 页数: | 532 | |
| 开本: | 19cm | |
| 丛书名: | 基础教育改革与发展译丛 | |
| 单 册: | ||
| 中图分类: | C4 | |
| 科图分类: | ||
| 主题词: | 社会科学--教育 , 社会科学--普及教育 | |
| 电子资源: | ||
| ISBN: | 7-5019-3440-1 | |
| 000 | 00723nam0 2200229 450 | |
| 001 | 0735257515 | |
| 005 | 20070904094737.51 | |
| 010 | @a7-5019-3440-1 | |
| 100 | @a20070904d km y0chiy0120 ea | |
| 101 | 0 | @achi |
| 200 | 1 | @a教学模式@Ajiao xue mo shi@fBRUCE JOYCE@g荆建华宋富钢花清亮@Gjing jian hua song fu gang hua qing liang |
| 210 | @a北京@c中国轻工业出版社@d2002 | |
| 215 | @a532@c32@d19cm | |
| 225 | 2 | @a基础教育改革与发展译丛 |
| 410 | 0 | @12001 @a基础教育改革与发展译丛 |
| 606 | 0 | @a社会科学@x教育 |
| 606 | 0 | @a社会科学@x普及教育 |
| 690 | @aC4@v3 | |
| 701 | 0 | @aBRUCE JOYCE |
| 702 | 0 | @a荆建华宋富钢花清亮@Ajing jian hua song fu gang hua qing liang |
| 801 | 0 | @aCN@bPFT@c20070904 |
| 905 | @a213230@dC4@ea13@f1 | |
| 教学模式/BRUCE JOYCE/荆建华宋富钢花清亮.-北京:中国轻工业出版社,2002 |
| 532:32;19cm.-(基础教育改革与发展译丛) |
| ISBN 7-5019-3440-1: |
| ● |
| 相关链接 |
|
|
|
|
正题名:教学模式
索取号:C4/a13
 
预约/预借
| 序号 | 登录号 | 条形码 | 馆藏地/架位号 | 状态 | 备注 |
| 1 | 7500908 | 275009081 | 密集书库-史法系/ [索取号:C4/a13] | 在馆 |